[Event "BCF-chT3E 2224 (4NCL)"]
[Site "England"]
[Date "2024.02.11"]
[Round "6.36"]
[White "Wasilak, Piotr"]
[Black "Purdon, Colin"]
[Result "1/2-1/2"]
[WhiteElo "1956"]
[BlackElo "1952"]
[PlyCount "38"]
[EventDate "2023.11.11"]
[EventType "team-tourn"]
[EventRounds "11"]
[EventCountry "ENG"]
[SourceTitle "EXT 2025"]
[Source "ChessBase"]
[SourceDate "2024.10.14"]
[SourceVersion "1"]
[SourceVersionDate "2024.10.14"]
[SourceQuality "1"]
[WhiteTeam "Iceni"]
[BlackTeam "Crowthorne A"]
[WhiteTeamCountry "ENG"]
[BlackTeamCountry "ENG"]

1. e4 c5 2. Nf3 Nc6 3. d3 g6 4. g3 Bg7 5. Bg2 e6 6. 0-0 Nge7 7. c3 d5 8. Nbd2 0-0 9. Re1 b5 10. exd5 exd5 11. Nb3 c4 12. dxc4 bxc4 13. Nbd4 Rb8 14. Re2 Bg4 15. Nxc6 Nxc6 16. Bf4 Rb7 17. h3 Bf5 18. Ne1 Be6 19. Qc1 Qc8 1/2-1/2

[Event "BCF-chT3E 2224 (4NCL)"]
[Site "England"]
[Date "2024.02.10"]
[Round "5.36"]
[White "Purdon, Colin"]
[Black "Bryant, Harry"]
[Result "1/2-1/2"]
[WhiteElo "1952"]
[BlackElo "1969"]
[PlyCount "43"]
[EventDate "2023.11.11"]
[EventType "team-tourn"]
[EventRounds "11"]
[EventCountry "ENG"]
[SourceTitle "EXT 2025"]
[Source "ChessBase"]
[SourceDate "2024.10.14"]
[SourceVersion "1"]
[SourceVersionDate "2024.10.14"]
[SourceQuality "1"]
[WhiteTeam "Crowthorne A"]
[BlackTeam "Celtic Tigers II"]
[WhiteTeamCountry "ENG"]
[BlackTeamCountry "ENG"]

1. d4 Nf6 2. c4 g6 3. Nc3 d5 4. cxd5 Nxd5 5. e4 Nxc3 6. bxc3 Bg7 7. Bc4 c5 8. Ne2 0-0 9. Be3 Nc6 10. h4 Qa5 11. Kf1 Rd8 12. Qb3 cxd4 13. Bxf7+ Kf8 14. cxd4 Nxd4 15. Nxd4 Bxd4 16. Bh6+ Bg7 17. Bxg7+ Kxg7 18. Bd5 e6 19. Bxe6 Qe5 20. Bxc8 Qxa1+ 21. Ke2 Qxh1 22. Qc3+ 1/2-1/2

[Event "Frome op 32nd"]
[Site "Frome"]
[Date "2023.05.13"]
[Round "3"]
[White "Ogunshola, Ben"]
[Black "Purdon, Colin"]
[Result "1-0"]
[WhiteElo "2127"]
[BlackElo "1955"]
[PlyCount "73"]
[EventDate "2023.05.12"]
[EventType "swiss"]
[EventRounds "5"]
[EventCountry "ENG"]
[SourceTitle "EXT 2024"]
[Source "ChessBase"]
[SourceDate "2023.10.10"]
[SourceVersion "1"]
[SourceVersionDate "2023.10.10"]
[SourceQuality "1"]

1. c4 c6 2. Nf3 d5 3. g3 Nf6 4. Bg2 g6 5. 0-0 Bg7 6. b3 Ne4 7. d4 0-0 8. Bb2 Be6 9. Nc3 Nxc3 10. Bxc3 dxc4 11. Ng5 Qd7 12. Nxe6 Qxe6 13. d5 Qd6 14. Bxg7 Kxg7 15. bxc4 cxd5 16. cxd5 Nd7 17. Rc1 Rac8 18. Qd4+ e5 19. Qxa7 Nc5 20. Qa3 Kg8 21. Rfd1 b6 22. Rb1 Ra8 23. Qb2 Ra6 24. e3 Rb8 25. Bf1 Ra5 26. Bb5 Ne4 27. Qc2 Nc5 28. a4 Rba8 29. Bc6 Rb8 30. Rb4 Na6 31. Rc4 Nc5 32. Rb1 h5 33. Qc3 Qe7 34. Kg2 Qd6 35. Rxb6 Rxb6 36. Qxa5 Rxc6 37. Qa8+ 1-0

[Event "BCF-chT3E 2223 (4NCL)"]
[Site "England"]
[Date "2023.04.30"]
[Round "10.25"]
[White "Hedger, Alec"]
[Black "Purdon, Colin"]
[Result "1/2-1/2"]
[WhiteElo "2007"]
[BlackElo "1975"]
[PlyCount "128"]
[EventDate "2022.11.05"]
[EventType "team-tourn"]
[EventRounds "11"]
[EventCountry "ENG"]
[SourceTitle "EXT 2024"]
[Source "ChessBase"]
[SourceDate "2023.10.10"]
[SourceVersion "1"]
[SourceVersionDate "2023.10.10"]
[SourceQuality "1"]
[WhiteTeam "Sussex Martlets II"]
[BlackTeam "Crowthorne"]
[WhiteTeamCountry "ENG"]
[BlackTeamCountry "ENG"]

1. e4 c6 2. d4 d5 3. exd5 cxd5 4. c4 Nf6 5. Nc3 Nc6 6. Nf3 g6 7. cxd5 Nxd5 8. Qb3 Nxc3 9. Bc4 Nd5 10. Bxd5 e6 11. Bxc6+ bxc6 12. 0-0 Qd5 13. Bg5 Bg7 14. Qa3 f6 15. Bf4 g5 16. Bc7 g4 17. Nd2 Bb7 18. Rfe1 f5 19. Qb3 Bc8 20. Qxd5 cxd5 21. Be5 Bxe5 22. Rxe5 Rb8 23. Nb3 Ke7 24. Rae1 Kf7 25. Nc5 Rxb2 26. Nxe6 Bxe6 27. Rxe6 Rc8 28. Re7+ Kf8 29. R7e5 Rxa2 30. Rxd5 Rc7 31. Rxf5+ Rf7 32. Rxf7+ Kxf7 33. g3 Rd2 34. Ra1 Rxd4 35. Rxa7+ Kg6 36. Kg2 Rb4 37. Ra6+ Kg7 38. h3 h5 39. hxg4 hxg4 40. Kf1 Re4 41. Rd6 Kf7 42. Rh6 Re8 43. Rh4 Rg8 44. Ke2 Kf6 45. Ke3 Kg5 46. Rh7 Re8+ 47. Kd3 Rd8+ 48. Ke2 Re8+ 49. Kf1 Re6 50. Rg7+ Kf5 51. Rf7+ Kg5 52. Kg2 Re4 53. Ra7 Rb4 54. Re7 Rb1 55. Re5+ Kg6 56. f4 gxf3+ 57. Kxf3 Rb3+ 58. Kg4 Rb4+ 59. Kh3 Ra4 60. Rb5 Rc4 61. g4 Ra4 62. Kh4 Ra6 63. Rg5+ Kh6 64. Rg8 Ra1 1/2-1/2

[Event "BCF-chT3E 2223 (4NCL)"]
[Site "England"]
[Date "2023.04.29"]
[Round "9.35"]
[White "Purdon, Colin"]
[Black "Borrowdale, Graham E"]
[Result "0-1"]
[WhiteElo "1975"]
[BlackElo "1925"]
[PlyCount "112"]
[EventDate "2022.11.05"]
[EventType "team-tourn"]
[EventRounds "11"]
[EventCountry "ENG"]
[SourceTitle "EXT 2024"]
[Source "ChessBase"]
[SourceDate "2023.10.10"]
[SourceVersion "1"]
[SourceVersionDate "2023.10.10"]
[SourceQuality "1"]
[WhiteTeam "Crowthorne"]
[BlackTeam "Cambridge University II"]
[WhiteTeamCountry "ENG"]
[BlackTeamCountry "ENG"]

1. d4 Nf6 2. c4 e6 3. g3 d5 4. Bg2 c5 5. cxd5 exd5 6. Nf3 Nc6 7. 0-0 Be7 8. Nc3 0-0 9. dxc5 Bxc5 10. Bg5 d4 11. Bxf6 Qxf6 12. Nd5 Qd8 13. Nd2 a6 14. Nb3 Ba7 15. Qd2 Re8 16. Rfe1 Bg4 17. h3 Bxh3 18. Bxh3 Qxd5 19. Rac1 Rad8 20. Bg2 Qd6 21. Na5 Nxa5 22. Qxa5 d3 23. exd3 Qxg3 24. Rxe8+ Rxe8 25. Qf5 g6 26. Qf3 Qxf3 27. Bxf3 Re7 28. Rc8+ Kg7 29. Rd8 Re1+ 30. Kg2 Rb1 31. Rd7 Rxb2 32. Rxb7 Rxb7 33. Bxb7 a5 34. a4 Kf6 35. Bd5 Ke7 36. Kg3 f5 37. Bc4 Kf6 38. f4 h6 39. Bb5 g5 40. Kf3 Bd4 41. Be8 Bb2 42. Kg3 Bc1 43. fxg5+ hxg5 44. Bd7 Bb2 45. Bc8 Ke5 46. Bd7 Bc3 47. Bc8 Be1+ 48. Kg2 Bc3 49. Bd7 g4 50. Bc8 Kf4 51. Bd7 Kg5 52. Bc8 f4 53. Bb7 f3+ 54. Kg3 Be5+ 55. Kf2 Kf4 56. Kf1 g3 0-1

[Event "BCF-chT3E 2223 (4NCL)"]
[Site "England"]
[Date "2023.03.26"]
[Round "8.25"]
[White "Purdon, Colin"]
[Black "Collinson, Mark I"]
[Result "1-0"]
[WhiteElo "1975"]
[BlackElo "2034"]
[PlyCount "71"]
[EventDate "2022.11.05"]
[EventType "team-tourn"]
[EventRounds "11"]
[EventCountry "ENG"]
[SourceTitle "EXT 2024"]
[Source "ChessBase"]
[SourceDate "2023.10.10"]
[SourceVersion "1"]
[SourceVersionDate "2023.10.10"]
[SourceQuality "1"]
[WhiteTeam "Crowthorne"]
[BlackTeam "Hull & East Riding Tigers"]
[WhiteTeamCountry "ENG"]
[BlackTeamCountry "ENG"]

1. d4 Nf6 2. c4 e6 3. Nf3 c5 4. d5 exd5 5. cxd5 d6 6. Nc3 g6 7. Nd2 Bg7 8. e4 0-0 9. Be2 Na6 10. 0-0 Nc7 11. a4 a6 12. Nc4 Rb8 13. Bf4 Nfe8 14. e5 dxe5 15. Nxe5 g5 16. Bg3 f6 17. Nc4 f5 18. Be5 b5 19. axb5 axb5 20. Bxg7 Kxg7 21. Ne5 Qd6 22. Nc6 Rb6 23. Qc1 h6 24. Rd1 Bd7 25. Ra7 Nf6 26. Rxc7 Qxc7 27. Nxb5 Rxb5 28. Bxb5 Qd6 29. Na7 Nxd5 30. Bxd7 Qxd7 31. Qxc5 Rd8 32. Nc6 Rc8 33. Qd4+ Kg8 34. Qxd5+ Qxd5 35. Ne7+ Kf7 36. Nxd5 1-0

[Event "Kidlington op 43rd"]
[Site "Kidlington"]
[Date "2020.02.02"]
[Round "4"]
[White "Handley, Michael R"]
[Black "Purdon, Colin"]
[Result "1/2-1/2"]
[WhiteElo "197"]
[BlackElo "181"]
[PlyCount "68"]
[EventDate "2020.02.01"]
[EventType "swiss"]
[EventRounds "5"]
[EventCountry "ENG"]
[SourceTitle "CBM 195 Extra"]
[Source "ChessBase"]
[SourceDate "2020.05.31"]
[SourceVersion "1"]
[SourceVersionDate "2020.05.31"]
[SourceQuality "1"]

1. d4 Nf6 2. c4 g6 3. Nc3 d5 4. Nf3 Bg7 5. h4 c5 6. dxc5 Qa5 7. cxd5 Nxd5 8. Qxd5 Bxc3+ 9. Bd2 Bxd2+ 10. Qxd2 Qxd2+ 11. Nxd2 Na6 12. Rc1 Be6 13. a3 0-0 14. e3 Rfc8 15. b4 Nb8 16. Bc4 Bxc4 17. Rxc4 a5 18. 0-0 axb4 19. axb4 Ra2 20. Nf3 Rb2 21. Rd1 Nc6 22. Rd7 Rb8 23. Re4 Rxb4 24. Rxb4 Nxb4 25. Rxe7 Na6 26. c6 bxc6 27. Ra7 Nb4 28. Rc7 Nd3 29. Ng5 Rb1+ 30. Kh2 Nxf2 31. Nxf7 Ng4+ 32. Kg3 Nxe3 33. Ng5 Nf5+ 34. Kh2 Nxh4 1/2-1/2

[Event "BCF-chT3Sb 1920 (4NCL)"]
[Site "England"]
[Date "2020.01.11"]
[Round "3.75"]
[White "Habershon, Paul F"]
[Black "Purdon, Colin"]
[Result "1/2-1/2"]
[WhiteElo "2006"]
[BlackElo "1991"]
[PlyCount "58"]
[EventDate "2019.11.09"]
[EventType "team-tourn"]
[EventRounds "11"]
[EventCountry "ENG"]
[SourceTitle "EXT 2023"]
[Source "ChessBase"]
[SourceDate "2022.10.05"]
[SourceVersion "1"]
[SourceVersionDate "2022.10.05"]
[SourceQuality "1"]
[WhiteTeam "MK Phoenix"]
[BlackTeam "Crowthorne"]
[WhiteTeamCountry "ENG"]
[BlackTeamCountry "ENG"]

1. c4 c6 2. Nc3 d5 3. d4 Nf6 4. e3 e6 5. Nf3 Nbd7 6. Bd3 dxc4 7. Bxc4 b5 8. Bd3 Bd6 9. 0-0 0-0 10. e4 e5 11. d5 cxd5 12. Nxd5 Nxd5 13. exd5 Nf6 14. Bg5 h6 15. Bxf6 Qxf6 16. Nd2 Bd7 17. Qe2 Qe7 18. Ne4 a6 19. Nxd6 Qxd6 20. Rfe1 Rfe8 21. Rad1 Rac8 22. Bb1 Rc5 23. Qe4 g6 24. Qb4 a5 25. Qxa5 Rxd5 26. Rxd5 Qxd5 27. Qc3 Rc8 28. Qd3 Rc5 29. f3 Qxd3 1/2-1/2

[Event "Guernsey op 45th"]
[Site "Vale"]
[Date "2019.10.21"]
[Round "2"]
[White "Purdon, Colin"]
[Black "Murray, J Stephen"]
[Result "1-0"]
[WhiteElo "1993"]
[BlackElo "1736"]
[PlyCount "65"]
[EventDate "2019.10.20"]
[EventType "swiss"]
[EventRounds "7"]
[EventCountry "GCI"]
[SourceTitle "EXT 2021"]
[Source "ChessBase"]
[SourceDate "2020.10.23"]
[SourceVersion "1"]
[SourceVersionDate "2020.10.23"]
[SourceQuality "1"]

1. d4 Nf6 2. c4 e6 3. Nc3 d5 4. Bg5 Be7 5. e3 h6 6. Bh4 0-0 7. Nf3 b6 8. cxd5 exd5 9. Bd3 Be6 10. 0-0 Nbd7 11. Rc1 c5 12. h3 Re8 13. Ne5 Ne4 14. Nc6 Nxc3 15. Rxc3 Bxh4 16. Nxd8 Raxd8 17. Bb5 Re7 18. Qa4 Bf6 19. Rd1 Nf8 20. Rc2 c4 21. b3 Bf5 22. Rcc1 cxb3 23. Qxb3 Ng6 24. Rc3 Be6 25. Rdc1 Nh4 26. Rc7 a5 27. Bd3 Rxc7 28. Rxc7 Rb8 29. Qb5 Nf5 30. Rc6 Bd8 31. Rxe6 fxe6 32. Qe8+ Kh7 33. Qxe6 1-0

[Event "Basingstoke 4NCL Spring Bank 2nd"]
[Site "Basingstoke"]
[Date "2019.05.27"]
[Round "7"]
[White "Zhu, Yaoyao"]
[Black "Purdon, Colin"]
[Result "1/2-1/2"]
[WhiteElo "1839"]
[BlackElo "2055"]
[PlyCount "40"]
[EventDate "2019.05.24"]
[EventType "swiss"]
[EventRounds "7"]
[EventCountry "ENG"]
[SourceTitle "CBM 190 Extra"]
[Source "ChessBase"]
[SourceDate "2019.07.15"]
[SourceVersion "1"]
[SourceVersionDate "2019.07.15"]
[SourceQuality "1"]

1. e4 c6 2. Nf3 d5 3. Nc3 Nf6 4. e5 Ne4 5. d3 Nxc3 6. bxc3 Bg4 7. h3 Bxf3 8. Qxf3 e6 9. d4 c5 10. dxc5 Nc6 11. Qg3 Qc7 12. Bf4 Bxc5 13. Bd3 0-0-0 14. 0-0 Rdg8 15. Rfe1 Qa5 16. Rab1 Qxc3 17. Ba6 Qxg3 18. Bxb7+ Kc7 19. Bxg3 Rb8 20. Bxc6 Kxc6 1/2-1/2

[Event "Basingstoke 4NCL Spring Bank 2nd"]
[Site "Basingstoke"]
[Date "2019.05.25"]
[Round "2"]
[White "Purdon, Colin"]
[Black "Skettos, Nicolas"]
[Result "0-1"]
[WhiteElo "2055"]
[BlackElo "1830"]
[PlyCount "72"]
[EventDate "2019.05.24"]
[EventType "swiss"]
[EventRounds "7"]
[EventCountry "ENG"]
[SourceTitle "CBM 190 Extra"]
[Source "ChessBase"]
[SourceDate "2019.07.15"]
[SourceVersion "1"]
[SourceVersionDate "2019.07.15"]
[SourceQuality "1"]

1. d4 d5 2. c4 dxc4 3. e4 e5 4. Nf3 exd4 5. Bxc4 Nc6 6. 0-0 Be6 7. Bb5 Bc5 8. b4 Bb6 9. Bb2 Nf6 10. Qe2 d3 11. Bxd3 Nxb4 12. Bc4 0-0 13. Nc3 Bxc4 14. Qxc4 a5 15. Rad1 Qe7 16. e5 Nd7 17. Rfe1 Nc5 18. a3 Nc6 19. Nd5 Qe6 20. Qf4 Ne7 21. Ne3 Ng6 22. Qg5 h6 23. Qh5 Nf4 24. Qh4 Nfd3 25. Re2 Nxb2 26. Rxb2 f6 27. exf6 Qxf6 28. Qc4+ Kh8 29. Rbd2 Rad8 30. Nd5 Qf7 31. Ne5 Qf5 32. Nf3 Ne4 33. Re2 Nxf2 34. Nxb6 Rxd1+ 35. Kxf2 cxb6 36. Re5 Qxe5 0-1

[Event "BCF-chT4S 1819 (4NCL)"]
[Site "England"]
[Date "2019.05.05"]
[Round "10.13"]
[White "Smith, Steve"]
[Black "Purdon, Colin"]
[Result "1/2-1/2"]
[WhiteElo "1763"]
[BlackElo "2061"]
[PlyCount "50"]
[EventDate "2018.11.17"]
[EventType "team-swiss"]
[EventRounds "11"]
[EventCountry "ENG"]
[SourceTitle "EXT 2021"]
[Source "ChessBase"]
[SourceDate "2020.10.23"]
[SourceVersion "1"]
[SourceVersionDate "2020.10.23"]
[SourceQuality "1"]
[WhiteTeam "West is Best III"]
[BlackTeam "Crowthorne"]
[WhiteTeamCountry "ENG"]
[BlackTeamCountry "ENG"]

1. e4 c6 2. d4 d5 3. exd5 cxd5 4. c4 Nf6 5. Nc3 Nc6 6. Nf3 g6 7. Bg5 Be6 8. Bxf6 exf6 9. cxd5 Bxd5 10. Bb5 Be7 11. 0-0 0-0 12. Re1 Bb4 13. Bxc6 Bxc6 14. a3 Bxc3 15. bxc3 Bd5 16. Qd3 Rc8 17. Nd2 b5 18. a4 Bc4 19. Nxc4 bxc4 20. Qf3 Qd6 21. h4 Kg7 22. Reb1 Rfe8 23. Rb7 Re7 24. Rab1 Rce8 25. Rxe7 Rxe7 1/2-1/2

[Event "Witney op 6th"]
[Site "Witney"]
[Date "2018.11.03"]
[Round "3"]
[White "Purdon, Colin"]
[Black "Mueller, Jens"]
[Result "1/2-1/2"]
[WhiteElo "2053"]
[BlackElo "1981"]
[PlyCount "43"]
[EventDate "2018.11.03"]
[EventType "swiss"]
[EventRounds "5"]
[EventCountry "ENG"]
[SourceTitle "CBM 187 Extra"]
[Source "ChessBase"]
[SourceDate "2018.11.04"]
[SourceVersion "1"]
[SourceVersionDate "2018.11.04"]
[SourceQuality "1"]

1. d4 g6 2. c4 Bg7 3. Nc3 c5 4. d5 d6 5. e4 e5 6. Bd3 Ne7 7. Nge2 0-0 8. Be3 f5 9. f3 Nd7 10. Qd2 f4 11. Bf2 Nf6 12. g4 g5 13. h4 h6 14. a3 Bd7 15. h5 a6 16. b4 b6 17. Nc1 Qc7 18. Rg1 Rfb8 19. Nb3 Ne8 20. Ke2 Qc8 21. Kd1 a5 22. b5 1/2-1/2

[Event "Guernsey op 44th"]
[Site "Vale"]
[Date "2018.10.23"]
[Round "3"]
[White "Purdon, Colin"]
[Black "Campbell, Ian"]
[Result "1-0"]
[WhiteElo "2036"]
[BlackElo "1969"]
[PlyCount "65"]
[EventDate "2018.10.21"]
[EventType "swiss"]
[EventRounds "7"]
[EventCountry "GCI"]
[SourceTitle "CBM 187 Extra"]
[Source "ChessBase"]
[SourceDate "2018.11.04"]
[SourceVersion "1"]
[SourceVersionDate "2018.11.04"]
[SourceQuality "1"]

1. d4 g6 2. c4 Bg7 3. e4 c5 4. d5 d6 5. Nf3 Nf6 6. Nc3 0-0 7. h3 Na6 8. Bd3 Nd7 9. Bf4 Nc7 10. 0-0 a6 11. a4 Ne5 12. Nxe5 dxe5 13. Be3 Qd6 14. a5 Bd7 15. b4 cxb4 16. c5 Qf6 17. Na4 Bb5 18. Nb6 Rad8 19. Bxb5 Nxb5 20. Qd2 Qh4 21. Bg5 Qxe4 22. Bxe7 Rfe8 23. Bxd8 Rxd8 24. Ra4 Nd4 25. Rxb4 Qh4 26. Rfb1 Bh6 27. Qd3 Qf6 28. d6 Bg5 29. Nd5 Qe6 30. Nc7 Qa2 31. Rxb7 Qxa5 32. Nxa6 Qa4 33. Nb4 1-0

[Event "BCF-chT4S 1718 (4NCL)"]
[Site "England"]
[Date "2018.02.10"]
[Round "5.24"]
[White "Purdon, Colin"]
[Black "Ruthen, Stephen W"]
[Result "1/2-1/2"]
[WhiteElo "2058"]
[BlackElo "1992"]
[PlyCount "50"]
[EventDate "2017.11.11"]
[EventType "team-swiss"]
[EventRounds "11"]
[EventCountry "ENG"]
[SourceTitle "EXT 2020"]
[Source "ChessBase"]
[SourceDate "2019.10.17"]
[SourceVersion "1"]
[SourceVersionDate "2019.10.17"]
[SourceQuality "1"]
[WhiteTeam "Crowthorne"]
[BlackTeam "Iceni"]
[WhiteTeamCountry "ENG"]
[BlackTeamCountry "ENG"]

1. d4 Nf6 2. c4 g6 3. Nc3 Bg7 4. e4 d6 5. Nf3 0-0 6. h3 e5 7. d5 a5 8. Bg5 Na6 9. Nd2 Qe8 10. Be2 Bd7 11. a3 Nc5 12. b3 h6 13. Be3 Nh7 14. g4 f5 15. gxf5 gxf5 16. Rg1 Kh8 17. Qc2 Nf6 18. 0-0-0 a4 19. b4 Nb3+ 20. Nxb3 axb3 21. Qb2 fxe4 22. Qxb3 Nh5 23. Bxh5 Qxh5 24. Rg3 Rf3 25. Rdg1 Rxg3 1/2-1/2

[Event "Guernsey op 43rd"]
[Site "Vale"]
[Date "2017.10.19"]
[Round "5"]
[White "Purdon, Colin"]
[Black "Campbell, Ian"]
[Result "1/2-1/2"]
[WhiteElo "2047"]
[BlackElo "1990"]
[PlyCount "65"]
[EventDate "2017.10.15"]
[EventType "swiss"]
[EventRounds "7"]
[EventCountry "GCI"]
[SourceTitle "CBM 181 Extra"]
[Source "ChessBase"]
[SourceDate "2017.12.12"]
[SourceVersion "1"]
[SourceVersionDate "2017.12.12"]
[SourceQuality "1"]

1. d4 g6 2. c4 Bg7 3. Nf3 d6 4. Nc3 c5 5. d5 Nf6 6. e4 Bg4 7. Be2 0-0 8. Be3 a6 9. 0-0 Nbd7 10. h3 Bxf3 11. Bxf3 Qc7 12. Be2 e5 13. dxe6 fxe6 14. Qd2 Ne5 15. Rad1 Rad8 16. f4 Nc6 17. a3 Qe7 18. Bf3 Kh8 19. Qf2 Nd7 20. Rd2 Nd4 21. Rfd1 Nb6 22. Bxd4 cxd4 23. Rxd4 Rxf4 24. c5 Nc8 25. R4d3 Rff8 26. cxd6 Rxd6 27. Rxd6 Nxd6 28. Qc5 Rd8 29. e5 Nf5 30. Qxe7 Rxd1+ 31. Nxd1 Nxe7 32. Bxb7 a5 33. Ne3 1/2-1/2

[Event "Guernsey op 43rd"]
[Site "Vale"]
[Date "2017.10.17"]
[Round "3"]
[White "Purdon, Colin"]
[Black "Hillarp Persson, Tiger"]
[Result "0-1"]
[WhiteElo "2047"]
[BlackElo "2517"]
[PlyCount "102"]
[EventDate "2017.10.15"]
[EventType "swiss"]
[EventRounds "7"]
[EventCountry "GCI"]
[SourceTitle "CBM 181 Extra"]
[Source "ChessBase"]
[SourceDate "2017.12.12"]
[SourceVersion "1"]
[SourceVersionDate "2017.12.12"]
[SourceQuality "1"]

1. d4 Nf6 2. c4 c5 3. d5 e6 4. Nc3 exd5 5. cxd5 d6 6. Nf3 g6 7. Nd2 Bg7 8. e4 0-0 9. Be2 Nbd7 10. 0-0 Re8 11. Re1 a6 12. a4 b6 13. Qc2 Rb8 14. Nc4 Ne5 15. Nxe5 Rxe5 16. Bf4 Re8 17. h3 Nh5 18. Bxh5 gxh5 19. Qe2 Qf6 20. Bh2 Qg6 21. Qf3 b5 22. axb5 axb5 23. Qg3 b4 24. Qxg6 hxg6 25. Na4 Be5 26. Bxe5 Rxe5 27. f4 Re7 28. b3 Ra7 29. Nb2 Ra3 30. Nc4 Rxb3 31. Nxd6 Rd3 32. Rec1 b3 33. Rxc5 Ba6 34. Rb1 b2 35. Ra5 Rc3 36. Rxb2 Rxb2 37. Rxa6 Rc1+ 38. Kh2 Rcc2 39. Kg3 Rxg2+ 40. Kf3 Rh2 41. Ke3 Rb4 42. Ra8+ Kg7 43. f5 Kf6 44. Ra7 Rxh3+ 45. Kf2 Rb2+ 46. Kg1 Rg3+ 47. Kh1 Rc3 48. Ra1 Rcc2 49. fxg6 fxg6 50. Re1 Re2 51. e5+ Kxe5 0-1

[Event "BCF-chT2 1617 (4NCL) Demotion pool"]
[Site "England"]
[Date "2017.04.30"]
[Round "10.86"]
[White "Purdon, Colin"]
[Black "Arnott, Jonathan"]
[Result "1/2-1/2"]
[WhiteElo "2055"]
[BlackElo "2111"]
[PlyCount "62"]
[EventDate "2016.11.19"]
[EventType "team-tourn"]
[EventRounds "11"]
[EventCountry "ENG"]
[SourceTitle "EXT 2019"]
[Source "ChessBase"]
[SourceDate "2018.10.10"]
[SourceVersion "1"]
[SourceVersionDate "2018.10.10"]
[SourceQuality "1"]
[WhiteTeam "CSC Dragons"]
[BlackTeam "White Rose II"]
[WhiteTeamCountry "ENG"]
[BlackTeamCountry "ENG"]

1. d4 d5 2. c4 c6 3. Nf3 Nf6 4. Nc3 a6 5. c5 Nbd7 6. Bf4 g6 7. e3 Bg7 8. Bd3 0-0 9. 0-0 Nh5 10. Bg5 f5 11. h3 Qe8 12. Bf4 e5 13. Nxe5 Nxe5 14. Bxe5 Bxe5 15. dxe5 Qxe5 16. Be2 Nf6 17. Qd4 Re8 18. Rfd1 Nd7 19. Rac1 Rb8 20. Bf1 Kf7 21. Na4 Qxd4 22. Rxd4 Re4 23. Rxe4 fxe4 24. Be2 b5 25. cxb6 Nxb6 26. Nc5 Nd7 27. Bxa6 Bxa6 28. Nxa6 Rxb2 29. Rxc6 Rxa2 30. Rc7 Ke6 31. Nc5+ Nxc5 1/2-1/2